Learning Resource and Development

Understanding sport psychology / (Record no. 29021)

MARC details
000 -LEADER
fixed length control field 01823cam a2200385 i 4500
001 - CONTROL NUMBER
control field 21917707
003 - CONTROL NUMBER IDENTIFIER
control field CSPC
005 - DATE AND TIME OF LATEST TRANSACTION
control field 20250306102440.0
008 - FIXED-LENGTH DATA ELEMENTS--GENERAL INFORMATION
fixed length control field 210226t20222022enka b 001 0 eng
010 ## - LIBRARY OF CONGRESS CONTROL NUMBER
LC control number 2021933932
020 ## - INTERNATIONAL STANDARD BOOK NUMBER
International Standard Book Number 9781529744637
Qualifying information (pbk)
040 ## - CATALOGING SOURCE
Original cataloging agency DLC
Language of cataloging eng
Transcribing agency DLC
Description conventions rda
Modifying agency DLC
-- CSPC
042 ## - AUTHENTICATION CODE
Authentication code pcc
050 00 - LIBRARY OF CONGRESS CALL NUMBER
Classification number GV706.4
Item number .B73 2022
082 00 - DEWEY DECIMAL CLASSIFICATION NUMBER
Edition number 23
Classification number 796.019
Item number B754u
100 1# - MAIN ENTRY--PERSONAL NAME
Personal name Breslin, Gavin,
Relator term author.
245 10 - TITLE STATEMENT
Title Understanding sport psychology /
Statement of responsibility, etc. Gavin Breslin, [and 4 others].
264 #1 - PRODUCTION, PUBLICATION, DISTRIBUTION, MANUFACTURE, AND COPYRIGHT NOTICE
Place of production, publication, distribution, manufacture Los Angeles :
Name of producer, publisher, distributor, manufacturer SAGE,
Date of production, publication, distribution, manufacture, or copyright notice 2022.
300 ## - PHYSICAL DESCRIPTION
Extent x, 282 pages :
Other physical details some illustrations ;
Dimensions 25 cm.
336 ## - CONTENT TYPE
Content type term text
Content type code txt
Source rdacontent
337 ## - MEDIA TYPE
Media type term unmediated
Media type code n
Source rdamedia
338 ## - CARRIER TYPE
Carrier type term volume
Carrier type code nc
Source rdacarrier
504 ## - BIBLIOGRAPHY, ETC. NOTE
Bibliography, etc. note Includes bibliographical references and index.
505 0# - FORMATTED CONTENTS NOTE
Formatted contents note Introducing sport psychology -- Anxiety and stress in sport -- Motivation -- Cognitive processes in sport -- Social psychology of sport -- Motor skills -- Sport, mental health and wellbeing.
520 ## - SUMMARY, ETC.
Summary, etc. "A concise, focussed overview of all the key concepts a student has to understand in their study of Sports Psychology, introduced in an accessible way using key studies and evidence to explain and aid students' understanding"--
Assigning source Provided by publisher.
650 #0 - SUBJECT ADDED ENTRY--TOPICAL TERM
Topical term or geographic name entry element Sports
General subdivision Psychological aspects.
700 1# - ADDED ENTRY--PERSONAL NAME
Personal name Kremer, John,
Dates associated with a name 1956-
Relator term author.
700 1# - ADDED ENTRY--PERSONAL NAME
Personal name Moran, Aidan P.,
Relator term author.
700 1# - ADDED ENTRY--PERSONAL NAME
Personal name Craig, Cathy,
Relator term author.
700 1# - ADDED ENTRY--PERSONAL NAME
Personal name Shannon, Stephen
Titles and other words associated with a name (Sports psychologist),
Relator term author.
906 ## - LOCAL DATA ELEMENT F, LDF (RLIN)
a 7
b cbc
c orignew
d 2
e epcn
f 20
g y-gencatlg
942 ## - ADDED ENTRY ELEMENTS (KOHA)
Source of classification or shelving scheme Dewey Decimal Classification
Koha item type Books
Edition 23
Classification part 796.019
Item part B754u
Call number prefix CIR
Call number suffix 2022
Suppress in OPAC No
Holdings
Withdrawn status Lost status Source of classification or shelving scheme Damaged status Not for loan Home library Current library Shelving location Date acquired Total Checkouts Full call number Barcode Date last seen Copy number Price effective from Koha item type
    Dewey Decimal Classification     Main Library Main Library Circulation Section 03/06/2025   CIR 796.019 B754u 2022 029096 03/06/2025 1-1 03/06/2025 Books